ニュージランド ラグビー 地図付きクイズ - Statistics

General Stats
  • This quiz has been taken 10 times
  • The average score is 6 of 26
Answers on the Map
Answers color-coded by a green-red scale on the quiz's map according to % correct below.
 
Answer Stats
Answer % Correct
オークランド
88%
ウェリントン
75%
ワイカト
50%
カンタベリー
50%
タスマン
38%
ノースランド
25%
タラナキ
25%
ワンガヌイ
25%
マナワツ
25%
オタゴ
25%
サウスランド
25%
ノース・ハーバー
13%
カウンティース・マヌカウ
13%
テムズバレー
13%
ベイ・オブ・プレンティー
13%
イーストコースト
13%
ポバティーベイ
13%
キングカントリー
13%
ホークスベイ
13%
ブラー
13%
ミッド カンタベリー
13%
サウスカンタベリー
13%
ノースオタゴ
13%
ワイララパ・ブッシュ
0%
ホロフェヌア・カピティ
0%
ウエストコースト
0%
No matching quizzes found
Score Distribution
Percent of People with Each Score
Percentile by Number Answered
Your Score History
You have not taken this quiz